[Event "Wch Seniors 65 (Women) 29th"]
[Site "Bucharest"]
[Date "2019.11.23"]
[Round "11"]
[White "Fatalibekova, Elena"]
[Black "Serjmyadag, Damdin"]
[Result "1-0"]
[WhiteElo "2152"]
[BlackElo "1874"]
[PlyCount "135"]
[EventDate "2019.11.12"]
[EventType "swiss"]
[EventRounds "11"]
[EventCountry "ROU"]
[SourceTitle "CBM 193 Extra"]
[Source "ChessBase"]
[SourceDate "2020.01.31"]
[SourceVersion "1"]
[SourceVersionDate "2020.01.31"]
[SourceQuality "1"]

1. e4 e6 2. d4 d5 3. Nc3 Nf6 4. Bg5 Be7 5. e5 Nfd7 6. Bxe7 Qxe7 7. f4 a6 8. Nf3 c5 9. dxc5 Nxc5 10. Qd2 Nc6 11. a3 b5 12. b4 Nd7 13. Bd3 f5 14. 0-0 0-0 15. Ne2 Bb7 16. c3 Nb6 17. Ned4 Rfe8 18. h3 Rac8 19. Kh2 Nb8 20. g4 g6 21. Rg1 Kh8 22. Rac1 Nc4 23. Qe2 Rc7 24. gxf5 exf5 25. Qa2 Nd7 26. Rge1 Ndb6 27. Bc2 Rec8 28. a4 bxa4 29. Bxa4 Nxa4 30. Qxa4 Qf8 31. Ng5 Qh6 32. Qd1 Qh4 33. Qf3 Nd2 34. Qe3 Ne4 35. Nxe4 dxe4 36. Ne6 Rc6 37. Nc5 Ba8 38. Red1 g5 39. Rf1 g4 40. Rg1 Rh6 41. Rg3 Rd8 42. Rc2 Bc6 43. c4 Rd1 44. e6 Qf6 45. Rc3 Qd8 46. Rc2 Qf6 47. b5 axb5 48. cxb5 Bxb5 49. Qb3 Qa1 50. Qb2+ Qxb2 51. Rxb2 Bc6 52. e7 Kg7 53. Rb6 Kf7 54. Ra3 Kxe7 55. Ra7+ Ke8 56. Rg7 Rxh3+ 57. Kg2 Rd2+ 58. Kg1 Bd7 59. Rb8+ Bc8 60. Rxc8+ Rd8 61. Rg8+ Ke7 62. Rcxd8 e3 63. Rge8+ Kf7 64. Nd3 Rg3+ 65. Kf1 Rh3 66. Ne5+ Kg7 67. Rd7+ Kh6 68. Ree7 1-0

[Event "WchT Seniors 50"]
[Site "Rhodes"]
[Date "2019.04.17"]
[Round "2.4"]
[White "Fatalibekova, Elena"]
[Black "Smith, Peter R"]
[Result "1-0"]
[WhiteElo "2148"]
[BlackElo "2038"]
[PlyCount "83"]
[EventDate "2019.04.16"]
[EventType "team-swiss"]
[EventRounds "9"]
[EventCountry "GRE"]
[SourceTitle "CBM 190 Extra"]
[Source "ChessBase"]
[SourceDate "2019.07.15"]
[SourceVersion "1"]
[SourceVersionDate "2019.07.15"]
[SourceQuality "1"]
[WhiteTeam "Russia (Women)"]
[BlackTeam "Scotland"]
[WhiteTeamCountry "RUS"]
[BlackTeamCountry "SCO"]

1. e4 g6 2. d4 Bg7 3. c4 d6 4. Nc3 Nd7 5. Be2 c6 6. Be3 a6 7. a3 b5 8. cxb5 cxb5 9. Nf3 Ngf6 10. h3 0-0 11. 0-0 Bb7 12. d5 Rc8 13. Rc1 Nc5 14. Nd2 Nfd7 15. b4 Nd3 16. Bxd3 Rxc3 17. Rxc3 Bxc3 18. Nb3 Bg7 19. Na5 Qa8 20. Qd2 Rc8 21. Rc1 Ne5 22. Be2 Kf8 23. Rxc8+ Qxc8 24. Nxb7 Qxb7 25. Qc2 Ke8 26. a4 e6 27. axb5 axb5 28. f4 exd5 29. fxe5 Bxe5 30. exd5 Qxd5 31. Qd3 Qxd3 32. Bxd3 Bc3 33. Bxb5+ Ke7 34. Bc4 Bxb4 35. Bd5 h5 36. Kf2 Bc3 37. Kf3 Be5 38. Bg5+ f6 39. Be3 h4 40. Bf2 g5 41. Ke4 Bh2 42. Bd4 1-0

[Event "EU-ch Seniors 65 (Women)"]
[Site "Rhodes"]
[Date "2019.04.07"]
[Round "2"]
[White "Sinchurina, Tatiana"]
[Black "Fatalibekova, Elena"]
[Result "1/2-1/2"]
[WhiteElo "1967"]
[BlackElo "2148"]
[PlyCount "42"]
[EventDate "2019.04.06"]
[EventType "tourn"]
[EventRounds "9"]
[EventCountry "GRE"]
[SourceTitle "CBM 189 Extra"]
[Source "ChessBase"]
[SourceDate "2019.06.03"]
[SourceVersion "1"]
[SourceVersionDate "2019.06.03"]
[SourceQuality "1"]

1. e4 c5 2. Nf3 Nc6 3. d4 cxd4 4. Nxd4 Nf6 5. Nc3 d6 6. Be2 g6 7. Be3 Bg7 8. h3 0-0 9. Qd2 d5 10. Nxc6 bxc6 11. e5 Ne4 12. Qd4 c5 13. Qxd5 Nxc3 14. Qxd8 Rxd8 15. bxc3 Bxe5 16. 0-0 Bxc3 17. Rad1 Be6 18. Bxc5 Bxa2 19. Rxd8+ Rxd8 20. Bxa7 Be6 21. Rd1 Rxd1+ 1/2-1/2

[Event "Wch Seniors 65 (Women) 28th"]
[Site "Bled"]
[Date "2018.11.27"]
[Round "9"]
[White "Dotan, Valeria"]
[Black "Fatalibekova, Elena"]
[Result "1/2-1/2"]
[WhiteElo "1883"]
[BlackElo "2161"]
[PlyCount "41"]
[EventDate "2018.11.18"]
[EventType "swiss"]
[EventRounds "11"]
[EventCountry "SLO"]
[SourceTitle "CBM 187 Extra"]
[Source "ChessBase"]
[SourceDate "2018.11.04"]
[SourceVersion "1"]
[SourceVersionDate "2018.11.04"]
[SourceQuality "1"]

1. d4 Nf6 2. Nf3 e6 3. Bg5 Be7 4. e3 b6 5. Nbd2 Bb7 6. Bd3 0-0 7. h3 c5 8. c3 d6 9. 0-0 Nbd7 10. Qe2 e5 11. dxe5 dxe5 12. Bxf6 Bxf6 13. Be4 Qc7 14. Rfd1 g6 15. a4 Bc6 16. Bxc6 Qxc6 17. Qc4 Be7 18. Qb5 Qe6 19. Qc4 Qc6 20. Qb5 Qe6 21. Qc4 1/2-1/2

[Event "WchT Seniors 50"]
[Site "Dresden"]
[Date "2018.07.09"]
[Round "3.9"]
[White "Fatalibekova, Elena"]
[Black "Thee, Bernd"]
[Result "1-0"]
[WhiteElo "2195"]
[BlackElo "1894"]
[PlyCount "33"]
[EventDate "2018.07.07"]
[EventType "team-swiss"]
[EventRounds "9"]
[EventCountry "GER"]
[SourceTitle "CBM 185 Extra"]
[Source "ChessBase"]
[SourceDate "2018.07.29"]
[SourceVersion "1"]
[SourceVersionDate "2018.07.29"]
[SourceQuality "1"]
[WhiteTeam "Russia (Women)"]
[BlackTeam "Ireland"]
[WhiteTeamCountry "GER"]
[BlackTeamCountry "IRL"]

1. e4 c5 2. Nf3 Nc6 3. Bb5 g6 4. 0-0 Bg7 5. c3 d6 6. d4 cxd4 7. cxd4 Bd7 8. Nc3 Nh6 9. d5 Nb8 10. Bxd7+ Nxd7 11. h3 0-0 12. Be3 Qa5 13. Qd2 Nb6 14. Bxh6 Nc4 15. Qe2 Bxh6 16. Qxc4 Rac8 17. Qb5 1-0

[Event "EU-chT Seniors 50"]
[Site "Walbrzych"]
[Date "2018.04.14"]
[Round "1.4"]
[White "Ciuro Munoz, Ricardo"]
[Black "Fatalibekova, Elena"]
[Result "1/2-1/2"]
[WhiteElo "1972"]
[BlackElo "2195"]
[PlyCount "35"]
[EventDate "2018.04.14"]
[EventType "team-swiss"]
[EventRounds "9"]
[EventCountry "POL"]
[SourceTitle "CBM 184 Extra"]
[Source "ChessBase"]
[SourceDate "2018.06.28"]
[SourceVersion "1"]
[SourceVersionDate "2018.06.28"]
[SourceQuality "1"]
[WhiteTeam "Spain Ruy Lopez 50"]
[BlackTeam "Russia (Women) 50"]
[WhiteTeamCountry "ESP"]
[BlackTeamCountry "RUS"]

1. e4 c5 2. Nf3 d6 3. d3 Nc6 4. g3 g6 5. Bg2 Bg7 6. 0-0 Nf6 7. c3 0-0 8. Nbd2 Bd7 9. a3 b5 10. b4 cxb4 11. axb4 a5 12. bxa5 Rxa5 13. Bb2 d5 14. exd5 Nxd5 15. Qb3 Nb6 16. c4 Bxb2 17. Qxb2 bxc4 18. Nxc4 1/2-1/2